000 00338nam a2200133Ia 4500
008 240624s9999 xx 000 0 und d
041 _aeng
082 _a658.408 JOH
100 _aJOHN KOSE
245 _aCORPORATE GOVERNANCE IN THE US AND GLOBA
260 _c2014
_aIndia
_bEmerald
300 _aviii, 281 p,: 23 cm.
365 _cBPS
_b38
999 _c31074
_d31074